LIBRARY & INFORMATION CENTRE, KCAET, TAVANUR

ONLINE PUBLIC ACCESS CATALOGUE (OPAC)

Food contaminants - sources and surveillance / (Record no. 11240)

MARC details
000 -LEADER
fixed length control field 00462cam a2200169ua 4500
003 - CONTROL NUMBER IDENTIFIER
control field OSt
008 - FIXED-LENGTH DATA ELEMENTS--GENERAL INFORMATION
fixed length control field 240123b |||||||| |||| 00| 0 eng d
020 ## - INTERNATIONAL STANDARD BOOK NUMBER
ISBN 0-85186-606-9
041 ## - LANGUAGE CODE
Language code of text/sound track or separate title eng
082 ## - DEWEY DECIMAL CLASSIFICATION NUMBER
Classification number 663
Item number CRE/FO
100 ## - MAIN ENTRY--AUTHOR NAME
Personal name COlin, Creaser .
245 00 - TITLE STATEMENT
Title Food contaminants - sources and surveillance /
260 ## - PUBLICATION, DISTRIBUTION, ETC. (IMPRINT)
Place of publication Cambridge :
Name of publisher The Royal Society of Chemistry ,
Year of publication 1991.
300 ## - PHYSICAL DESCRIPTION
Number of Pages 205 ; .
700 1# - ADDED ENTRY--PERSONAL NAME
Personal name Rupert, Purchase .
942 ## - ADDED ENTRY ELEMENTS (KOHA)
Koha item type Books
Holdings
Withdrawn status Lost status Damaged status Home library Current library Shelving location Date acquired Full call number Accession Number Koha item type
      KAUAET KAUAET General Stacks 07/04/2012 663 20806 Books
free website counter